Swedish football league winners - Statistics

General Stats
  • This quiz has been taken 76 times
  • The average score is 9 of 15
Answer Stats
Winners Answer % Correct
25 Malmö FF
100%
6 AIK
94%
13 IFK Göteborg
89%
1 Hammarby IF
79%
13 IFK Norrköping
71%
6 IF Elfsborg
62%
8 Djurgårdens IF
60%
1 Kalmar FF
60%
4 GAIS
57%
7 Helsingborgs IF
51%
4 Östers IF
48%
2 Örgryte IS
46%
4 Halmstads BK
37%
2 Åtvidabergs FF
25%
1 IK Sleipner
19%
No matching quizzes found
Score Distribution
Percent of People with Each Score
Percentile by Number Answered
Your Score History
You have not taken this quiz